00357nam a22001337a 4500003000500000005001700005008004100022020001800063040000900081082000800090245006900098246004600167300001000213Nust20170221163239.0170221b xxu||||| |||| 00| 0 eng d a1-903068-77-0 cASAB a613 athe essentials of GCSE physical educationcedited by peter urwin athe essentials of gcse physical education a86 p.